000 00416nam a2200169Ia 4500
008 230711s9999||||xx |||||||||||||| ||und||
020 _a978-81-219-2617-1
041 _aENG
082 _a621.4022
_bRA-H
100 _aRajput,R.K
245 0 _aHeat and mass transfer
250 _a1st Ed.
260 _c2010
_aNew Delhi
_bS.Chand & Company Ltd
300 _a919p.
650 _aMechanical Engineering
942 _cBK
999 _c5900
_d5900